Minecraft - Guess the April Fools Blocks by Picture - Statistics

General Stats
  • This quiz has been taken 10 times
    3 since last reset
  • The average score is 63 of 147
Answer Stats
Picture Hint Answer % Correct
2.0 Burnt-out Torch
100%
2.0 Etho Slab
100%
20w14∞ An Ant
67%
2.0 Black Tinted Glass
67%
2.0 Block of Coal
67%
2.0 Blue Tinted Glass
67%
2.0 Brown Tinted Glass
67%
23w13a_or_b Cheese
67%
23w13a_or_b Copper Sink
67%
23w13a_or_b Copper Spleaves
67%
2.0 Cyan Tinted Glass
67%
23w13a_or_b Golden Chest
67%
2.0 Gray Tinted Glass
67%
2.0 Green Tinted Glass
67%
2.0 Light Blue Tinted Glass
67%
2.0 Light Gray Tinted Glass
67%
2.0 Lime Tinted Glass
67%
2.0 Magenta Tinted Glass
67%
2.0 Orange Tinted Glass
67%
23w13a_or_b Other Portal
67%
2.0 Pink Tinted Glass
67%
24w14potato Potato Button
67%
24w14potato Potato Door
67%
24w14potato Potato Fence
67%
24w14potato Potato Fence Gate
67%
24w14potato Potato Fruit
67%
24w14potato Potato Hanging Sign
67%
24w14potato Potato Leaves
67%
24w14potato Potato Planks
67%
24w14potato Potato Portal
67%
24w14potato Potato Pressure Plate
67%
24w14potato Potato Sign
67%
24w14potato Potato Slab
67%
24w14potato Potato Stairs
67%
24w14potato Potato Stem
67%
24w14potato Potato Trapdoor
67%
2.0 Purple Tinted Glass
67%
2.0 Red Tinted Glass
67%
20w14∞ Swaggiest Stairs Ever
67%
2.0 White Tinted Glass
67%
2.0 Yellow Tinted Glass
67%
24w14potato Baked Potato Bricks
33%
24w14potato Baked Potato Brick Slab
33%
24w14potato Baked Potato Brick Stairs
33%
24w14potato Baked Potato Brick Wall
33%
24w14potato Big Brain
33%
24w14potato Block of Amber
33%
24w14potato Block of Black Potato Peels
33%
24w14potato Block of Blue Potato Peels
33%
24w14potato Block of Brown Potato Peels
33%
24w14potato Block of Corrupted Potato Peels
33%
24w14potato Block of Cyan Potato Peels
33%
24w14potato Block of Gray Potato Peels
33%
24w14potato Block of Green Potato Peels
33%
24w14potato Block of Light Blue Potato Peels
33%
24w14potato Block of Light Gray Potato Peels
33%
24w14potato Block of Lime Potato Peels
33%
24w14potato Block of Magenta Potato Peels
33%
24w14potato Block of Orange Potato Peels
33%
24w14potato Block of Pink Potato Peels
33%
24w14potato Block of Potato Peels
33%
24w14potato Block of Purple Potato Peels
33%
24w14potato Block of Red Potato Peels
33%
24w14potato Block of Yellow Potato Peels
33%
20w14∞ Box of Infinite Books
33%
24w14potato Charred Baked Potato Bricks
33%
24w14potato Charred Baked Potato Brick Slab
33%
24w14potato Charred Baked Potato Brick Stairs
33%
24w14potato Charred Baked Potato Brick Wall
33%
25w14craftmine "Close But No" Medal
33%
24w14potato Compressed Poisonous Potato Block
33%
26w14a Copper Trap
33%
24w14potato Corrupted Peelgrass Block
33%
20w14∞ Cursor
33%
24w14potato Deepslate Poisonous Potato Ore
33%
25w14craftmine Diamond Mob Trophy
33%
24w14potato Double Compressed Poisonous Potato Block
33%
24w14potato Expired Baked Potato Bricks
33%
24w14potato Expired Baked Potato Brick Slab
33%
24w14potato Expired Baked Potato Brick Stairs
33%
24w14potato Expired Baked Potato Brick Wall
33%
26w14a Exposed Copper Trap
33%
24w14potato Floatater
33%
24w14potato Floatato
33%
24w14potato Frying Table
33%
20w14∞ Funky Portal
33%
25w14craftmine Golden Cup
33%
25w14craftmine Gold Mob Trophy
33%
25w14craftmine Grass Mob Trophy
33%
24w14potato Gravtater
33%
22w13oneBlockAtATime How Did We Get Here?
33%
26w14a Iron Trap
33%
25w14craftmine Mega Spud
33%
25w14craftmine Mine Crafter
33%
25w14craftmine Mine Revisitor
33%
25w14craftmine Mine Travelling Block
33%
25w14craftmine Netherite Mob Trophy
33%
26w14a Oxidized Copper Trap
33%
24w14potato Pedestal
33%
24w14potato Peelgrass Block
33%
23w13a_or_b Pickaxe Block
33%
23w13a_or_b Place Block
33%
24w14potato Poison Farmland
33%
24w14potato Poisonous Mashed Potato
33%
24w14potato Poisonous Potato Block
33%
24w14potato Poisonous Potato Cutter
33%
24w14potato Poisonous Potato Head Block
33%
24w14potato Poisonous Potato Headpiece
33%
24w14potato Poisonous Potato Ore
33%
24w14potato Poison Path
33%
24w14potato Potato Battery
33%
24w14potato Potato Bud
33%
24w14potato Potato Flower
33%
24w14potato Potato Pedicule
33%
24w14potato Potato Refinery
33%
24w14potato Potato Sprouts
33%
24w14potato Potone
33%
24w14potato Potone Copper Ore
33%
24w14potato Potone Diamond Ore
33%
24w14potato Potone Gold Ore
33%
24w14potato Potone Iron Ore
33%
24w14potato Potone Lapis Lazuli Ore
33%
24w14potato Potone Redstone Ore
33%
24w14potato Potone Slab
33%
24w14potato Potone Stairs
33%
24w14potato Potone Wall
33%
24w14potato Powerful Potato
33%
24w14potato Quadruple Compressed Poisonous Potato Block
33%
24w14potato Resin Ore
33%
25w14craftmine Shimmering Door
33%
25w14craftmine Sky
33%
25w14craftmine Stone Mob Trophy
33%
24w14potato Strong Roots
33%
24w14potato Taterstone
33%
24w14potato Taterstone Slab
33%
24w14potato Taterstone Stairs
33%
24w14potato Taterstone Wall
33%
24w14potato Terre de Pomme
33%
24w14potato Triple Compressed Poisonous Potato Block
33%
1.RV-Pre1 USB Charger Block
33%
24w14potato Vicious Potato
33%
26w14a Waxed Copper Trap
33%
26w14a Waxed Exposed Copper Trap
33%
26w14a Waxed Oxidized Copper Trap
33%
26w14a Waxed Weathered Copper Trap
33%
24w14potato Weak Roots
33%
26w14a Weathered Copper Trap
33%
No matching quizzes found
Score Distribution
Percent of People with Each Score
Percentile by Number Answered
Your Score History
You have not taken this quiz since the last reset